| 000 | 00422nam a2200133Ia 4500 | ||
|---|---|---|---|
| 008 | 240719s9999 xx 000 0 und d | ||
| 041 | _aeng | ||
| 082 | _a934.045 DUT | ||
| 100 | _aDutt Chunder Ramesh | ||
| 245 | _aHistory Of India From The Earliest Times To The Sixth Century B.C | ||
| 260 |
_aUSA _bCreatespace Independent Publishing _c2014 |
||
| 300 | _a128.; P 24 Cm. | ||
| 520 | _aGifted By : IMT Faculty Dr. Pawan Jain | ||
| 999 |
_c41279 _d41279 |
||